| 000 | 00580nam a22002177a 4500 | ||
|---|---|---|---|
| 003 | OSt | ||
| 005 | 20151113153831.0 | ||
| 008 | 151113b xxu||||| |||| 00| 0 eng d | ||
| 020 | _a0443072345 | ||
| 040 | _cDLMN. | ||
| 082 | _aWY100 M996d.2003 | ||
| 100 |
_aEdited by Fraser M.Diane;Cooper A.Margaret; _96163 |
||
| 245 | _aMyles textbook for Midwives; | ||
| 250 | _a14th ed | ||
| 260 |
_aLondon; _bChurchill Livingstone, _c2003. |
||
| 300 |
_axiv,1089p; _bCol,ill: _c38cm. |
||
| 504 | _aincludes index. | ||
| 600 |
_a _96164 |
||
| 650 |
_aMidwifery. _9481 |
||
| 942 |
_2z _cSLOAN |
||
| 999 |
_c2570 _d2570 |
||